| 000 | 00751 a2200205 4500 | ||
|---|---|---|---|
| 010 | _aENG-89760 | ||
| 020 |
_a8124113868 _c395.00 |
||
| 035 | _aEN-73293 | ||
| 037 | _bDBAD / PUB | ||
| 082 | 1 | 4 | _a954.02 |
| 090 |
_c11638 _d11638 |
||
| 100 | 1 | _aSatish Chandra | |
| 245 | 1 |
_aSocial change and development in medieval India history/ _cby Satish Chandra |
|
| 260 |
_aNew Delhi _bHar-Anand Publications _c2008 |
||
| 270 |
_aE-49/3, Okhla Induatrial Area, Phase-II _bNew Delhi _cDelhi _e110 020 _k41603490 _l41708607 _mwww.haranandpublictaions.com |
||
| 300 |
_a204p. _c24 cm. (Hb) |
||
| 500 | _aIncludes index | ||
| 942 |
_adpl _cEN _k954.02 / CHA |
||
| 999 |
_c11321 _d11321 |
||